000
00277nam a22001217a 4500
020
_a
8177540394
082
_a
630.7 SIN/AG
100
_a
A K Singh
245
_a
Agriculture Extension: Impact and Assessment
260
_a
Jodhpur
_b
Agrobios
_c
2012
300
_a
266
942
_c
BK
999
_c
13821
_d
13821